Improving equipment management in highway authorities in developing countries (Record no. 542065)
[ view plain ]
| 000 -LEADER | |
|---|---|
| fixed length control field | 00391nam a22001217a 4500 |
| 082 ## - DEWEY DECIMAL CLASSIFICATION NUMBER | |
| Classification number | 624.068 |
| Author Mark | HAR |
| -- | D |
| 100 ## - MAIN ENTRY--PERSONAL NAME | |
| Personal name | Harral, Clell G |
| 9 (RLIN) | 37160 |
| 245 ## - TITLE STATEMENT | |
| Title | Improving equipment management in highway authorities in developing countries |
| Statement of responsibility, etc. | Eaton, James W |
| 260 ## - PUBLICATION, DISTRIBUTION, ETC. | |
| Place of publication, distribution, etc. | Washington,; |
| Name of publisher, distributor, etc. | world bank, |
| Date of publication, distribution, etc. | 1986. |
| 300 ## - PHYSICAL DESCRIPTION | |
| Extent | 72p.: |
| Dimensions | 28cm. |
| 526 ## - STUDY PROGRAM INFORMATION NOTE | |
| Program name | 0 |
| Interest level | 0 |
| Reading level | 0 |
| Title point value | 624_068000000000000_HAR |
| 942 ## - ADDED ENTRY ELEMENTS (KOHA) | |
| Source of classification or shelving scheme | |
| Koha item type | Book |
| Withdrawn status | Lost status | Source of classification or shelving scheme | Damaged status | Not for loan | Permanent Location | Current Location | Date acquired | Total Checkouts | Full call number | Barcode | Date last seen | Price effective from | Koha item type |
|---|---|---|---|---|---|---|---|---|---|---|---|---|---|
| Military College of Engineering (MCE) | Military College of Engineering (MCE) | 09/19/2013 | 624.068 HAR | MCE-42445 | 09/19/2013 | 09/19/2013 | Book |
